{"text_format":"3","workbook":"xlsx","n_sheets":1,"sheets":["Foglio1"],"not_rendered":{"defined_names":1},"read":"whole","date_system":"1900"}

{"sheet":"Foglio1","index":0,"n_rows":280,"n_cols":14,"rows_kept":280,"merged":[[0,0,0,13],[1,0,1,5],[1,6,1,9],[1,10,1,13],[266,0,266,4],[266,6,266,8],[266,10,266,12],[268,6,268,11],[268,12,268,13],[269,6,269,11],[269,12,269,13],[270,6,270,9],[270,10,270,13],[271,0,271,3],[271,6,271,9],[271,10,271,13],[272,2,272,3],[273,2,273,3],[274,2,274,3],[275,2,275,3],[276,2,276,3],[279,5,279,7],[279,8,279,12]]}
["SCHEMA OFFERTA RICAMBI TEMSA"]
["ELENCO RICAMBI",{"$nulls":5},"RICAMBI ORIGINALI OFFERTI",{"$nulls":3},"RICAMBI EQUIVALENTI OFFERTI"]
["Descrizione del ricambio","P.N.\nOriginale","Unità di misura","Q.tà","Prezzo unitario a base d'asta","Prezzo totale a base d'asta","Marca","P. N. ","Prezzo unitario ","Prezzo\ntotale","Marca","P. N. ","Prezzo unitario","Prezzo\ntotale"]
["ADESCATORE GASOLIO","1332609","NR",1,{"v":200,"d":"200.00"},{"$f":"D4*E4","v":{"v":200,"d":"200.00"}},{"$nulls":3},{"$f":"I4*D4","v":0},{"$nulls":3},{"$f":"M4*D4","v":0}]
["ALBERO POMPA","1450190","NR",1,{"v":187,"d":"187.00"},{"v":187,"d":"187.00"},{"$nulls":3},{"$f":"I5*D5","v":0},{"$nulls":3},{"$f":"M5*D5","v":0}]
["AMMORTIZZ. POST. ","NK113121","NR",10,396.25,{"v":3962.5,"d":"3,962.50"},{"$nulls":3},{"$f":"I6*D6","v":0},{"$nulls":3},{"$f":"M6*D6","v":0}]
["AMMORTIZZATORE ANT. ","NK260105","NR",6,{"v":406.6,"d":"406.60"},{"v":2439.6000000000004,"d":"2,439.60"},{"$nulls":3},0,{"$nulls":3},0]
["ANELLO ESTERNO","TM153102","NR",9,1.43,12.87,{"$nulls":3},0,{"$nulls":3},0]
["ANELLO INTERNO","61102-90020-57","NR",36,2.23,80.28,{"$nulls":3},0,{"$nulls":3},0]
["ANELLO O.R. ","06.56937-2256","NR",25,{"v":17.7,"d":"17.70"},{"v":442.5,"d":"442.50"},{"$nulls":3},0,{"$nulls":3},0]
["ANELLO OR","51.96501-0568","NR",80,4.21,{"v":336.8,"d":"336.80"},{"$nulls":3},0,{"$nulls":3},0]
["ANELLO OR . ","06.56936-0676","NR",35,3.56,{"$f":"D12*E12","v":{"v":124.60000000000001,"d":"124.60"}},{"$nulls":3},0,{"$nulls":3},0]
["ANELLO O-RING","1670333","NR",7,{"v":12.1,"d":"12.10"},{"v":84.7,"d":"84.70"},{"$nulls":3},0,{"$nulls":3},0]
["ANELLO O-RING","2000734","NR",4,9.95,{"v":39.8,"d":"39.80"},{"$nulls":3},0,{"$nulls":3},0]
["ANTENNA ","7617495115","NR",10,468.27,{"v":4682.7,"d":"4,682.70"},{"$nulls":3},0,{"$nulls":3},0]
["ASTA LIVELLO OLIO","51.05805-5819","NR",20,{"v":12.3,"d":"12.30"},{"v":246,"d":"246.00"},{"$nulls":3},0,{"$nulls":3},0]
["ASTA LIVELLO OLIO","1885569","NR",2,{"v":89.5,"d":"89.50"},{"v":179,"d":"179.00"},{"$nulls":3},0,{"$nulls":3},0]
["ASTA LIVELLO OLIO","1691367","NR",1,{"v":71.5,"d":"71.50"},{"v":71.5,"d":"71.50"},{"$nulls":3},0,{"$nulls":3},0]
["AVVISATORE ACUST. ","A111/2","NR",6,{"v":207.3,"d":"207.30"},{"v":1243.8000000000002,"d":"1,243.80"},{"$nulls":3},0,{"$nulls":3},0]
["BAZOTEK","HD202213Y","NR",10,{"v":260.7,"d":"260.70"},{"v":2607,"d":"2,607.00"},{"$nulls":3},0,{"$nulls":3},0]
["BLOCCO DI FISSAGGIO","1341555","NR",1,{"v":101,"d":"101.00"},{"v":101,"d":"101.00"},{"$nulls":3},0,{"$nulls":3},0]
["BOCCOLA FILETTATA","1274721","NR",1,{"v":31,"d":"31.00"},{"v":31,"d":"31.00"},{"$nulls":3},0,{"$nulls":3},0]
["BOTTONE TENDINA","MA277895Y","NR",100,{"v":0.5,"d":"0.50"},{"v":50,"d":"50.00"},{"$nulls":3},0,{"$nulls":3},0]
["BRACCETTO PORTA","YPHD152074","NR",30,243.31,{"v":7299.3,"d":"7,299.30"},{"$nulls":3},0,{"$nulls":3},0]
["BRACCIO DI GUIDA","HD152240Y","NR",18,162.57,{"v":2926.2599999999998,"d":"2,926.26"},{"$nulls":3},0,{"$nulls":3},0]
["BULLONE","MF101358Y","NR",30,6.96,{"v":208.8,"d":"208.80"},{"$nulls":3},0,{"$nulls":3},0]
["BULLONE","SB259116Y","NR",12,9.64,115.68,{"$nulls":3},0,{"$nulls":3},0]
["BULLONE FLANGIA","1313138","NR",3,{"v":0.9,"d":"0.90"},{"v":2.7,"d":"2.70"},{"$nulls":3},0,{"$nulls":3},0]
["BULLONE FLANGIA","1231054","NR",1,{"v":2.2,"d":"2.20"},{"v":2.2,"d":"2.20"},{"$nulls":3},0,{"$nulls":3},0]
["BULLONE FLANGIATO","1444252","NR",3,{"v":6.7,"d":"6.70"},{"v":20.1,"d":"20.10"},{"$nulls":3},0,{"$nulls":3},0]
["BUSSOLA","1624-APA-25Y","NR",6,75.18,{"v":451.08000000000004,"d":"451.08"},{"$nulls":3},0,{"$nulls":3},0]
["CENTRALINA ","11116929BY","NR",10,{"v":1756,"d":"1,756.00"},{"v":17560,"d":"17,560.00"},{"$nulls":3},0,{"$nulls":3},0]
["CENTRALINA ","6020544X","NR",10,855.42,{"v":8554.199999999999,"d":"8,554.20"},{"$nulls":3},0,{"$nulls":3},0]
["CENTRALINA ","1364.21020101","NR",4,{"v":991.2,"d":"991.20"},{"v":3964.8,"d":"3,964.80"},{"$nulls":3},0,{"$nulls":3},0]
["CERNIERA PORT. VANO MOTORE","HD151065Y","NR",30,285.34,{"v":8560.199999999999,"d":"8,560.20"},{"$nulls":3},0,{"$nulls":3},0]
["CERNIERA PORT. VANO MOTORE","HD151069Y","NR",30,285.34,{"v":8560.199999999999,"d":"8,560.20"},{"$nulls":3},0,{"$nulls":3},0]
["CILINDRO ARIA SARACINESCA EGR","51.08150-0044","NR",22,{"v":368.5,"d":"368.50"},{"v":8107,"d":"8,107.00"},{"$nulls":3},0,{"$nulls":3},0]
["CILINDRO FRENO","0501324579","NR",1,{"v":325,"d":"325.00"},{"v":325,"d":"325.00"},{"$nulls":3},0,{"$nulls":3},0]
["CILINDRO FRENO","0501324580","NR",1,{"v":315,"d":"315.00"},{"v":315,"d":"315.00"},{"$nulls":3},0,{"$nulls":3},0]
["CINGHIA ALTERNATORE","1861508","NR",12,{"v":70.5,"d":"70.50"},{"v":846,"d":"846.00"},{"$nulls":3},0,{"$nulls":3},0]
["CINGHIA ALTERNATORE","1816444","NR",15,{"v":20.3,"d":"20.30"},{"v":304.5,"d":"304.50"},{"$nulls":3},0,{"$nulls":3},0]
["COLLETTORE COLLEGAMENTO EGR","51.08151-0119","NR",10,{"v":91.2,"d":"91.20"},{"v":912,"d":"912.00"},{"$nulls":3},0,{"$nulls":3},0]
["COMPRESSORE ","1813541","NR",1,{"v":2280,"d":"2,280.00"},{"v":2280,"d":"2,280.00"},{"$nulls":3},0,{"$nulls":3},0]
["CONDENSATORE ","HD180302-06-04X","NR",6,{"v":1765,"d":"1,765.00"},{"v":10590,"d":"10,590.00"},{"$nulls":3},0,{"$nulls":3},0]
["CONDENSATORE ","HD180302-06-05X","NR",4,{"v":805,"d":"805.00"},{"v":3220,"d":"3,220.00"},{"$nulls":3},0,{"$nulls":3},0]
["CONDOTTA ","HD213285","NR",12,105.57,{"v":1266.84,"d":"1,266.84"},{"$nulls":3},0,{"$nulls":3},0]
["CONDOTTA ","5336-APB-04Y","NR",3,293.64,880.92,{"$nulls":3},0,{"$nulls":3},0]
["CONDOTTA ","HD214136","NR",12,68.45,{"v":821.4000000000001,"d":"821.40"},{"$nulls":3},0,{"$nulls":3},0]
["CONDOTTA OLIO","HD269221Y","NR",36,{"v":220,"d":"220.00"},{"v":7920,"d":"7,920.00"},{"$nulls":3},0,{"$nulls":3},0]
["CONNESSIONE","1328698","NR",1,{"v":270,"d":"270.00"},{"v":270,"d":"270.00"},{"$nulls":3},0,{"$nulls":3},0]
["CONNESSIONE","1625103","NR",1,{"v":152,"d":"152.00"},{"v":152,"d":"152.00"},{"$nulls":3},0,{"$nulls":3},0]
["CONNETTORE","HD269240","NR",24,{"v":99.4,"d":"99.40"},{"v":2385.6000000000004,"d":"2,385.60"},{"$nulls":3},0,{"$nulls":3},0]
["CONNETTORE","62309-90027-31Y","NR",9,50.52,454.68,{"$nulls":3},0,{"$nulls":3},0]
["CONNETTORE","TU313103","NR",12,30.16,361.92,{"$nulls":3},0,{"$nulls":3},0]
["CONNETTORE","51.98180-0005","NR",38,8.61,{"v":327.17999999999995,"d":"327.18"},{"$nulls":3},0,{"$nulls":3},0]
["CONNETTORE","61102-90020-14     ","NR",36,5.92,213.12,{"$nulls":3},0,{"$nulls":3},0]
["CONNETTORE ","51.98181-6016","NR",28,{"v":13.1,"d":"13.10"},{"v":366.8,"d":"366.80"},{"$nulls":3},0,{"$nulls":3},0]
["COPERCHIO","5361-APB-07Y","NR",24,53.58,{"v":1285.92,"d":"1,285.92"},{"$nulls":3},0,{"$nulls":3},0]
["COPERCHIO","5361-APB-09Y","NR",12,93.43,{"v":1121.16,"d":"1,121.16"},{"$nulls":3},0,{"$nulls":3},0]
["COPERCHIO","HD233277Y","NR",12,{"v":69.9,"d":"69.90"},{"v":838.8000000000001,"d":"838.80"},{"$nulls":3},0,{"$nulls":3},0]
["COPERCHIO","5361-APB-06Y","NR",12,53.58,642.96,{"$nulls":3},0,{"$nulls":3},0]
["COPERCHIO","5361-APB-23Y","NR",6,{"v":95.5,"d":"95.50"},{"v":573,"d":"573.00"},{"$nulls":3},0,{"$nulls":3},0]
["COPERCHIO","5361-APB-25Y","NR",6,93.43,560.58,{"$nulls":3},0,{"$nulls":3},0]
["COPERCHIO","5361-APB-27Y","NR",6,93.43,560.58,{"$nulls":3},0,{"$nulls":3},0]
["COPERCHIO","5361-APB-28Y","NR",6,93.43,560.58,{"$nulls":3},0,{"$nulls":3},0]
["COPERCHIO","5361-APB-29Y","NR",6,93.43,560.58,{"$nulls":3},0,{"$nulls":3},0]
["COPERCHIO","5361-APB-19Y","NR",6,43.25,{"v":259.5,"d":"259.50"},{"$nulls":3},0,{"$nulls":3},0]
["COPERCHIO","5361-APB-13Y","NR",6,27.62,{"$f":"D68*E68","v":165.72},{"$nulls":3},0,{"$nulls":3},0]
["COPERTURA ","NK165191Y","NR",6,924.22,{"v":5545.32,"d":"5,545.32"},{"$nulls":3},0,{"$nulls":3},0]
["COPPA SPECCHIO","TY301215X","NR",6,{"v":284.1,"d":"284.10"},{"v":1704.6000000000001,"d":"1,704.60"},{"$nulls":3},{"$f":"I70*D70","v":0},{"$nulls":3},{"$f":"M70*D70","v":0}]
["COPPIGLIA","1624-APA-08Y","NR",12,10.72,{"v":128.64000000000001,"d":"128.64"},{"$nulls":3},0,{"$nulls":3},0]
["CUSCINETTO ","9202-05Y","NR",24,30.72,737.28,{"$nulls":3},0,{"$nulls":3},0]
["CUSCINETTO POMPA","1256792","NR",1,{"v":93,"d":"93.00"},{"v":93,"d":"93.00"},{"$nulls":3},0,{"$nulls":3},0]
["DADO","MF445107Y","NR",30,1.44,{"v":43.199999999999996,"d":"43.20"},{"$nulls":3},0,{"$nulls":3},0]
["DADO A COLLARE","1231051","NR",10,2.65,{"v":26.5,"d":"26.50"},{"$nulls":3},0,{"$nulls":3},0]
["DADO AUTOBLOCCANTE","1321530","NR",3,1.05,{"v":3.1500000000000004,"d":"3.15"},{"$nulls":3},0,{"$nulls":3},0]
["DADO ESAGONALE","1623045","NR",3,{"v":1.5,"d":"1.50"},{"v":4.5,"d":"4.50"},{"$nulls":3},0,{"$nulls":3},0]
["DADO ESAGONALE","1355564","NR",1,{"v":1.9,"d":"1.90"},{"v":1.9,"d":"1.90"},{"$nulls":3},0,{"$nulls":3},0]
["DADO ESAGONALE","1355549","NR",1,0.47,0.47,{"$nulls":3},0,{"$nulls":3},0]
["DETTAGLIO PULEGGIA","1624-APB-02Y","NR",6,416.87,{"v":2501.2200000000003,"d":"2,501.22"},{"$nulls":3},0,{"$nulls":3},0]
["DISCO FRENO POST","A9754230612","NR",4,341.87,{"v":1367.48,"d":"1,367.48"},{"$nulls":3},0,{"$nulls":3},0]
["DISCO FRENO POST.","0501316953","NR",10,{"v":539,"d":"539.00"},{"v":5390,"d":"5,390.00"},{"$nulls":3},0,{"$nulls":3},0]
["ELEMENTO FILTRO ARIA","1664524","NR",15,{"v":80,"d":"80.00"},{"v":1200,"d":"1,200.00"},{"$nulls":3},0,{"$nulls":3},0]
["ELETTROVALVOLA","9604-02","NR",6,{"v":355,"d":"355.00"},{"v":2130,"d":"2,130.00"},{"$nulls":3},0,{"$nulls":3},0]
["ELETTROVALVOLA ","TC298201","NR",6,121.55,{"v":729.3,"d":"729.30"},{"$nulls":3},0,{"$nulls":3},0]
["ELETTROVALVOLA BLOCCO ACCENS.","1500.89000062","NR",8,{"v":1080,"d":"1,080.00"},{"v":8640,"d":"8,640.00"},{"$nulls":3},0,{"$nulls":3},0]
["ESSICCATORE COMPLETO","TC298200","NR",12,{"v":990,"d":"990.00"},{"v":11880,"d":"11,880.00"},{"$nulls":3},0,{"$nulls":3},0]
["FANALE FRECCIA","HD254184Y","NR",30,34.74,{"v":1042.2,"d":"1,042.20"},{"$nulls":3},0,{"$nulls":3},0]
["FASCETTA","06.67420-1223","NR",100,2.73,{"v":273,"d":"273.00"},{"$nulls":3},0,{"$nulls":3},0]
["FASCETTA PER TUBO","1675741","NR",2,37.75,{"v":75.5,"d":"75.50"},{"$nulls":3},0,{"$nulls":3},0]
["FILTRO  SEPARATORE EAS","1686587","NR",10,{"v":24.2,"d":"24.20"},{"v":242,"d":"242.00"},{"$nulls":3},0,{"$nulls":3},0]
["FILTRO CAMBIO","0501216503","NR",3,{"v":98.7,"d":"98.70"},{"v":296.1,"d":"296.10"},{"$nulls":3},0,{"$nulls":3},0]
["FILTRO CARBURANTE","51.12503-0061","NR",10,{"v":33.6,"d":"33.60"},{"v":336,"d":"336.00"},{"$nulls":3},0,{"$nulls":3},0]
["FILTRO DECANTATORE","1433649","NR",10,{"v":51,"d":"51.00"},{"v":510,"d":"510.00"},{"$nulls":3},0,{"$nulls":3},0]
["FILTRO GASOLIO","1699168","NR",35,25.75,901.25,{"$nulls":3},0,{"$nulls":3},0]
["FILTRO OLIO","1397764","NR",15,31.25,468.75,{"$nulls":3},0,{"$nulls":3},0]
["FILTRO OLIO MOTORE","51.05501-7160","NR",10,18.55,{"v":185.5,"d":"185.50"},{"$nulls":3},0,{"$nulls":3},0]
["FILTRO SEPARATORE","1861882","NR",1,{"v":675,"d":"675.00"},{"v":675,"d":"675.00"},{"$nulls":3},0,{"$nulls":3},0]
["FILTROAD BLUE","1789050","NR",5,{"v":74,"d":"74.00"},{"v":370,"d":"370.00"},{"$nulls":3},0,{"$nulls":3},0]
["FLANGIA","1323914","NR",2,{"v":229,"d":"229.00"},{"v":458,"d":"458.00"},{"$nulls":3},0,{"$nulls":3},0]
["FLESSIBILE  ","04.27405-9504","NR",18,{"v":41.4,"d":"41.40"},{"v":745.1999999999999,"d":"745.20"},{"$nulls":3},0,{"$nulls":3},0]
["FUSIBILE ","PB100018Y","NR",30,92.27,{"v":2768.1,"d":"2,768.10"},{"$nulls":3},0,{"$nulls":3},0]
["GANCIO TENDINA","TU235199Y","NR",400,0.52,{"v":208,"d":"208.00"},{"$nulls":3},0,{"$nulls":3},0]
["GIRANTE POMPA","1282029","NR",1,{"v":218,"d":"218.00"},{"v":218,"d":"218.00"},{"$nulls":3},0,{"$nulls":3},0]
["GIUNTO VISCOSTATICO","1365-APA-02","NR",12,{"v":1320.8839779005525,"d":"1,320.88"},{"v":15850.60773480663,"d":"15,850.61"},{"$nulls":3},0,{"$nulls":3},0]
["GOMITO","61102-90020-15","NR",12,45.35,{"v":544.2,"d":"544.20"},{"$nulls":3},0,{"$nulls":3},0]
["GOMMINO LAMPADA","HD253111Y","NR",12,14.74,176.88,{"$nulls":3},0,{"$nulls":3},0]
["GRUPPO ASTA STABILIZZATORE","HD260201Y","NR",6,796.83,{"v":4780.9800000000005,"d":"4,780.98"},{"$nulls":3},0,{"$nulls":3},0]
["GUARNIZIONE","1676984","NR",1,{"v":10.3,"d":"10.30"},{"v":10.3,"d":"10.30"},{"$nulls":3},0,{"$nulls":3},0]
["GUARNIZIONE","1365700","NR",1,3.55,3.55,{"$nulls":3},0,{"$nulls":3},0]
["GUARNIZIONE ","1285773","NR",1,42.75,42.75,{"$nulls":3},0,{"$nulls":3},0]
["GUARNIZIONE  ","51.08901-0269","NR",24,14.95,{"v":358.79999999999995,"d":"358.80"},{"$nulls":3},0,{"$nulls":3},0]
["GUARNIZIONE  ","51.08901-0241","NR",12,11.15,{"v":133.8,"d":"133.80"},{"$nulls":3},0,{"$nulls":3},0]
["GUARNIZIONE","51.06903-0067","NR",80,4.93,{"v":394.4,"d":"394.40"},{"$nulls":3},0,{"$nulls":3},0]
["GUARNIZIONE ASP/SCARICO","51.08901-0252","NR",15,{"v":88.5,"d":"88.50"},{"v":1327.5,"d":"1,327.50"},{"$nulls":3},0,{"$nulls":3},0]
["GUARNIZIONE COLL. SCARICO","51.08901-0254","NR",12,{"v":45.2,"d":"45.20"},{"v":542.4000000000001,"d":"542.40"},{"$nulls":3},0,{"$nulls":3},0]
["GUARNIZIONE COLL. SCARICO","51.08901-0253","NR",16,30.05,{"v":480.8,"d":"480.80"},{"$nulls":3},0,{"$nulls":3},0]
["GUARNIZIONE LAMPADA","HD110551Y","NR",12,31.57,{"v":378.84000000000003,"d":"378.84"},{"$nulls":3},0,{"$nulls":3},0]
["GUARNIZIONE POMPA","1205399","NR",2,{"v":24.9,"d":"24.90"},{"v":49.8,"d":"49.80"},{"$nulls":3},0,{"$nulls":3},0]
["GUARNIZIONE POMPA ACQUA","1205401","NR",4,{"v":20.8,"d":"20.80"},{"v":83.2,"d":"83.20"},{"$nulls":3},0,{"$nulls":3},0]
["GUARNIZIONE SEPARATORE OLIO","1779706","NR",2,{"v":15,"d":"15.00"},{"v":30,"d":"30.00"},{"$nulls":3},0,{"$nulls":3},0]
["INGRANAGGIO PORTA","25-224-0006--101","NR",3,{"v":448.5,"d":"448.50"},{"v":1345.5,"d":"1,345.50"},{"$nulls":3},0,{"$nulls":3},0]
["INSERTO PULSANTI","TO254581","NR",12,{"v":5.5,"d":"5.50"},{"v":66,"d":"66.00"},{"$nulls":3},0,{"$nulls":3},0]
["INTERMITTENZA TERGI","RP254601Y","NR",24,163.78,{"v":3930.7200000000003,"d":"3,930.72"},{"$nulls":3},0,{"$nulls":3},0]
["INTERRUTTORE BAGAGLIERA","HD254148","NR",9,{"v":72.60773480662982,"d":"72.61"},{"v":653.4696132596684,"d":"653.47"},{"$nulls":3},0,{"$nulls":3},0]
["INTERRUTTORE FRECCE EMERGENZA","TO254550","NR",12,{"v":79.6,"d":"79.60"},{"v":955.1999999999999,"d":"955.20"},{"$nulls":3},0,{"$nulls":3},0]
["INTERRUTTORE LUCE FRENO","TC298207","NR",12,102.48,{"v":1229.76,"d":"1,229.76"},{"$nulls":3},0,{"$nulls":3},0]
["KIT PASTICCHE FRENI ","311.00027610","NR",6,{"v":375.5,"d":"375.50"},{"v":2253,"d":"2,253.00"},{"$nulls":3},0,{"$nulls":3},0]
["LOGO TEMSA","TO350243","NR",60,60.25,{"v":3615,"d":"3,615.00"},{"$nulls":3},0,{"$nulls":3},0]
["LOGO TEMSA","TO350242","NR",10,45.36,{"v":453.6,"d":"453.60"},{"$nulls":3},0,{"$nulls":3},0]
["LUCE ","TC852112","NR",5,35.02,{"v":175.10000000000002,"d":"175.10"},{"$nulls":3},0,{"$nulls":3},0]
["LUCE LENTE","HD254364","NR",6,12.48,{"$f":"D132*E132","v":74.88},{"$nulls":3},0,{"$nulls":3},0]
["LUCE LENTE","HD254368","NR",6,12.48,74.88,{"$nulls":3},0,{"$nulls":3},0]
["LUCE LENTE","HD254369","NR",6,12.48,74.88,{"$nulls":3},{"$f":"I134*D134","v":0},{"$nulls":3},{"$f":"M134*D134","v":0}]
["LUCE TARGA ","9451-02","NR",30,42.49,{"v":1274.7,"d":"1,274.70"},{"$nulls":3},0,{"$nulls":3},0]
["LUNOTTO ","HD243102Y","NR",5,{"v":1238.8,"d":"1,238.80"},{"v":6194,"d":"6,194.00"},{"$nulls":3},0,{"$nulls":3},0]
["MANICOTTO","HD214146","NR",15,{"v":178.8,"d":"178.80"},{"v":2682,"d":"2,682.00"},{"$nulls":3},0,{"$nulls":3},0]
["MANICOTTO","62348-94100-03","NR",15,17.14,{"v":257.1,"d":"257.10"},{"$nulls":3},0,{"$nulls":3},0]
["MANICOTTO ","1392385","NR",10,{"v":219,"d":"219.00"},{"v":2190,"d":"2,190.00"},{"$nulls":3},0,{"$nulls":3},0]
["MANICOTTO  ","62322-40490-02","NR",12,125.46,{"v":1505.52,"d":"1,505.52"},{"$nulls":3},0,{"$nulls":3},0]
["MANICOTTO ","62322-40490-01","NR",6,{"v":132.4,"d":"132.40"},{"v":794.4000000000001,"d":"794.40"},{"$nulls":3},0,{"$nulls":3},0]
["MANICOTTO POMPA ACQUA","1310507","NR",2,{"v":157,"d":"157.00"},{"v":314,"d":"314.00"},{"$nulls":3},0,{"$nulls":3},0]
["MANIGLIA FINESTRINO","SB241113-01Y","NR",40,18.71,{"v":748.4000000000001,"d":"748.40"},{"$nulls":3},0,{"$nulls":3},0]
["MEMBRANA SOSP. ","NK114101-01Y","NR",6,{"v":186,"d":"186.00"},{"v":1116,"d":"1,116.00"},{"$nulls":3},0,{"$nulls":3},0]
["MEMBRANA SOSP. ","TE771107Y","NR",10,165.75,{"v":1657.5,"d":"1,657.50"},{"$nulls":3},0,{"$nulls":3},0]
["MEMBRANA SOSP. ","TE771107NY","NR",10,{"v":175,"d":"175.00"},{"v":1750,"d":"1,750.00"},{"$nulls":3},0,{"$nulls":3},0]
["MODULATORE ASSALE EBS","4801040090","NR",1,{"v":2336.34,"d":"2,336.34"},{"v":2336.34,"d":"2,336.34"},{"$nulls":3},0,{"$nulls":3},0]
["MODULO BOTOLA TETTO","NK229100-01Y","NR",1,186.14,186.14,{"$nulls":3},0,{"$nulls":3},0]
["MODULO E.G.R.","51.08100-7210","NR",15,{"v":2371,"d":"2,371.00"},{"v":35565,"d":"35,565.00"},{"$nulls":3},0,{"$nulls":3},0]
["MOLLA BRACCIO PORTA","4204008Y","NR",30,111.96,{"v":3358.7999999999997,"d":"3,358.80"},{"$nulls":3},0,{"$nulls":3},0]
["MOTORINO ","0132801141","NR",5,107.51,{"v":537.5500000000001,"d":"537.55"},{"$nulls":3},0,{"$nulls":3},0]
["MOTORINO TERGI","HD251122","NR",9,{"v":1060,"d":"1,060.00"},{"v":9540,"d":"9,540.00"},{"$nulls":3},0,{"$nulls":3},0]
["MULTISET  SPEAKER","5550-APA-04Y","NR",10,222.71,{"v":2227.1,"d":"2,227.10"},{"$nulls":3},0,{"$nulls":3},0]
["MULTISET  SPEAKER","5550-APA-01Y","NR",10,175.54,{"v":1755.3999999999999,"d":"1,755.40"},{"$nulls":3},0,{"$nulls":3},0]
["MULTISET SPEAKER","5550-APA-02Y","NR",10,222.71,{"v":2227.1,"d":"2,227.10"},{"$nulls":3},0,{"$nulls":3},0]
["MULTISET","5550-APA-03Y","NR",15,311.72,{"v":4675.8,"d":"4,675.80"},{"$nulls":3},0,{"$nulls":3},0]
["O-RING","2000735","NR",6,9.95,{"v":59.699999999999996,"d":"59.70"},{"$nulls":3},0,{"$nulls":3},0]
["O-RING","0751872","NR",3,{"v":17.6,"d":"17.60"},{"v":52.800000000000004,"d":"52.80"},{"$nulls":3},0,{"$nulls":3},0]
["O-RING","1275904","NR",4,{"v":12.2,"d":"12.20"},{"v":48.8,"d":"48.80"},{"$nulls":3},0,{"$nulls":3},0]
["O-RING","1332011","NR",5,{"v":7.3,"d":"7.30"},{"v":36.5,"d":"36.50"},{"$nulls":3},0,{"$nulls":3},0]
["O-RING","1302988","NR",3,{"v":12,"d":"12.00"},{"v":36,"d":"36.00"},{"$nulls":3},0,{"$nulls":3},0]
["O-RING","1205424","NR",2,{"v":10.3,"d":"10.30"},{"v":20.6,"d":"20.60"},{"$nulls":3},0,{"$nulls":3},0]
["O-RING","1368341","NR",2,{"v":6.5,"d":"6.50"},{"v":13,"d":"13.00"},{"$nulls":3},0,{"$nulls":3},0]
["O-RING","1809252","NR",2,0.28,0.56,{"$nulls":3},0,{"$nulls":3},0]
["O-RING","1809251","NR",2,0.18,0.36,{"$nulls":3},0,{"$nulls":3},0]
["O-RING ","2000731","NR",1,7.25,7.25,{"$nulls":3},0,{"$nulls":3},0]
["PANNELLO ISOLAMENTO","TY202313","NR",6,{"v":198.1,"d":"198.10"},{"v":1188.6,"d":"1,188.60"},{"$nulls":3},0,{"$nulls":3},0]
["PANNELLO PROTEZ.","HD280160Y","NR",6,77.46,464.76,{"$nulls":3},0,{"$nulls":3},0]
["PANNELLO PROTEZIONE","HD127106Y","NR",12,{"v":938.2,"d":"938.20"},{"v":11258.400000000001,"d":"11,258.40"},{"$nulls":3},0,{"$nulls":3},0]
["PANNELLO PROTEZIONE","HD127100Y","NR",18,{"v":549.6,"d":"549.60"},{"v":9892.800000000001,"d":"9,892.80"},{"$nulls":3},0,{"$nulls":3},0]
["PARABREZZA","NK244102Y","NR",3,{"v":2180,"d":"2,180.00"},{"v":6540,"d":"6,540.00"},{"$nulls":3},0,{"$nulls":3},0]
["PARABREZZA ","HD244204Y","NR",8,{"v":2130,"d":"2,130.00"},{"v":17040,"d":"17,040.00"},{"$nulls":3},0,{"$nulls":3},0]
["PERNO TENDINA ","TA27789703Y","NR",100,2.75,{"v":275,"d":"275.00"},{"$nulls":3},0,{"$nulls":3},0]
["PINZA FRENI","A0024202201","NR",2,{"v":1097.5,"d":"1,097.50"},{"v":2195,"d":"2,195.00"},{"$nulls":3},0,{"$nulls":3},0]
["PINZA FRENO","0501220401","NR",1,{"v":2317,"d":"2,317.00"},{"v":2317,"d":"2,317.00"},{"$nulls":3},0,{"$nulls":3},0]
["PINZA FRENO","0501220400","NR",1,{"v":2285.71,"d":"2,285.71"},{"v":2285.71,"d":"2,285.71"},{"$nulls":3},0,{"$nulls":3},0]
["POMPA ACQUA","1734841","NR",1,{"v":1050,"d":"1,050.00"},{"v":1050,"d":"1,050.00"},{"$nulls":3},0,{"$nulls":3},0]
["POMPA ACQUA","51.06500-6692","NR",1,{"v":456,"d":"456.00"},{"v":456,"d":"456.00"},{"$nulls":3},0,{"$nulls":3},0]
["POMPA GASOLIO","1875624","NR",1,{"v":610,"d":"610.00"},{"v":610,"d":"610.00"},{"$nulls":3},0,{"$nulls":3},0]
["PORTAGOMMA","CG213142Y","NR",12,20.32,243.84,{"$nulls":3},0,{"$nulls":3},0]
["PPC","1197732058","NR",10,{"v":273,"d":"273.00"},{"v":2730,"d":"2,730.00"},{"$nulls":3},0,{"$nulls":3},0]
["PPC","1197712058","NR",10,{"v":214,"d":"214.00"},{"v":2140,"d":"2,140.00"},{"$nulls":3},0,{"$nulls":3},0]
["PRIGIONIERO","1650668","NR",1,2.45,2.45,{"$nulls":3},0,{"$nulls":3},0]
["PULEGGIA","1374-APB-02Y","NR",12,575.05,{"v":6900.599999999999,"d":"6,900.60"},{"$nulls":3},0,{"$nulls":3},0]
["PULEGGIA CINGHIE","1370915","NR",1,{"v":525,"d":"525.00"},{"v":525,"d":"525.00"},{"$nulls":3},0,{"$nulls":3},0]
["PULSANTE RICHIESTA FERMATA","63111-90016-33Y","NR",30,9.35,{"v":280.5,"d":"280.50"},{"$nulls":3},0,{"$nulls":3},0]
["RACCORDO ","51.98181-6027","NR",18,7.42,133.56,{"$nulls":3},0,{"$nulls":3},0]
["RADIATORE","51.09500-7153","NR",8,{"v":1703,"d":"1,703.00"},{"v":13624,"d":"13,624.00"},{"$nulls":3},0,{"$nulls":3},0]
["RADIATORE","NK267157Y","NR",6,{"v":3753.9,"d":"3,753.90"},{"v":22523.4,"d":"22,523.40"},{"$nulls":3},0,{"$nulls":3},0]
["RULLO TENDITORE","1800898","NR",2,{"v":400,"d":"400.00"},{"v":800,"d":"800.00"},{"$nulls":3},0,{"$nulls":3},0]
["SARACINESCA D'INTERCETT.","51.08150-6149","NR",22,{"v":1429,"d":"1,429.00"},{"v":31438,"d":"31,438.00"},{"$nulls":3},0,{"$nulls":3},0]
["SCATOLA PER VALVOLA NON RIT.","51.08151-0133","NR",25,{"v":103.9,"d":"103.90"},{"v":2597.5,"d":"2,597.50"},{"$nulls":3},0,{"$nulls":3},0]
["SEGMENTO","9107-07Y","NR",24,4.98,{"v":119.52000000000001,"d":"119.52"},{"$nulls":3},0,{"$nulls":3},0]
["SENSORE LIVELLO ACQUA","HD172200Y","NR",15,{"v":375.5,"d":"375.50"},{"v":5632.5,"d":"5,632.50"},{"$nulls":3},0,{"$nulls":3},0]
["SENSORE TEMP. A MONTE","1810690","NR",1,{"v":108,"d":"108.00"},{"v":108,"d":"108.00"},{"$nulls":3},0,{"$nulls":3},0]
["SENSORE TEMP. A VALLE","1810691","NR",1,{"v":108,"d":"108.00"},{"$f":"D196*E196","v":{"v":108,"d":"108.00"}},{"$nulls":3},0,{"$nulls":3},0]
["SEPARATORE OLIO","1738656","NR",2,{"v":128,"d":"128.00"},{"v":256,"d":"256.00"},{"$nulls":3},0,{"$nulls":3},0]
["SERBATOIO ARIA","TC298310-10Y","NR",6,391.66,{"v":2349.96,"d":"2,349.96"},{"$nulls":3},{"$f":"I198*D198","v":0},{"$nulls":3},{"$f":"M198*D198","v":0}]
["SERIE PASTIGLIE FRENO","311.00027610","NR",5,377.52,{"v":1887.6,"d":"1,887.60"},{"$nulls":3},0,{"$nulls":3},0]
["SERIE RICAMBI ","51.08140-6014","NR",28,{"v":48.4,"d":"48.40"},{"v":1355.2,"d":"1,355.20"},{"$nulls":3},0,{"$nulls":3},0]
["SERIE TENDINE","5369-182Y","NR",7,{"v":1095,"d":"1,095.00"},{"v":7665,"d":"7,665.00"},{"$nulls":3},0,{"$nulls":3},0]
["SERIE TENDINE ","5369-168Y","NR",6,{"v":1116,"d":"1,116.00"},{"v":6696,"d":"6,696.00"},{"$nulls":3},0,{"$nulls":3},0]
["SERRATURA ","NK323104Y","NR",30,{"v":21.5,"d":"21.50"},{"v":645,"d":"645.00"},{"$nulls":3},0,{"$nulls":3},0]
["SERRATURA COMPLETA","MC375615Y","NR",20,{"v":49.4,"d":"49.40"},{"v":988,"d":"988.00"},{"$nulls":3},0,{"$nulls":3},0]
["SNODO DX TIRANTE PORTA","HD152630Y","NR",100,30.87,{"v":3087,"d":"3,087.00"},{"$nulls":3},0,{"$nulls":3},0]
["SNODO SX TIRANTE PORTA","HD152631Y","NR",100,30.87,{"v":3087,"d":"3,087.00"},{"$nulls":3},0,{"$nulls":3},0]
["SONDA NOX A MONTE","2011649","NR",2,{"v":515,"d":"515.00"},{"v":1030,"d":"1,030.00"},{"$nulls":3},0,{"$nulls":3},0]
["SONDA NOX A VALLE ","2011650","NR",3,{"v":515,"d":"515.00"},{"v":1545,"d":"1,545.00"},{"$nulls":3},0,{"$nulls":3},0]
["SPAZZOLA TERGI MD","5042-APA-01Y","NR",25,92.35,{"v":2308.75,"d":"2,308.75"},{"$nulls":3},0,{"$nulls":3},0]
["SPIRALE PNEUMATICA","1458702","NR",3,{"v":239,"d":"239.00"},{"v":717,"d":"717.00"},{"$nulls":3},0,{"$nulls":3},0]
["STAFFA LUNOTTO","HD243101Y","NR",15,4.71,70.65,{"$nulls":3},0,{"$nulls":3},0]
["SUPPORTO ","HD181012SY","NR",3,662.99,{"v":1988.97,"d":"1,988.97"},{"$nulls":3},0,{"$nulls":3},0]
["SUPPORTO PORTIERA","SB152165Y","NR",80,42.04,{"v":3363.2,"d":"3,363.20"},{"$nulls":3},0,{"$nulls":3},0]
["TAPPO","TA27789701Y","NR",100,{"v":3.9,"d":"3.90"},{"v":390,"d":"390.00"},{"$nulls":3},0,{"$nulls":3},0]
["TAPPO","HD213457Y","NR",12,28.04,336.48,{"$nulls":3},0,{"$nulls":3},0]
["TAPPO COPPA INF.","0243562","NR",2,{"v":12.9,"d":"12.90"},{"v":25.8,"d":"25.80"},{"$nulls":3},0,{"$nulls":3},0]
["TAPPO GASOLIO AVENUE","NK160122","NR",30,{"v":159.5,"d":"159.50"},{"v":4785,"d":"4,785.00"},{"$nulls":3},0,{"$nulls":3},0]
["TAPPO VASCHETTA AVENUE","NK267140-04Y","NR",6,54.86,{"v":329.15999999999997,"d":"329.16"},{"$nulls":3},0,{"$nulls":3},0]
["TENDITORE ","RP175105X","NR",30,{"v":400.4,"d":"400.40"},{"v":12012,"d":"12,012.00"},{"$nulls":3},0,{"$nulls":3},0]
["TERMOSTATO","1661375","NR",3,{"v":67,"d":"67.00"},{"v":201,"d":"201.00"},{"$nulls":3},0,{"$nulls":3},0]
["TIRANTE","3724-APA-02Y","NR",6,424.71,{"v":2548.2599999999998,"d":"2,548.26"},{"$nulls":3},0,{"$nulls":3},0]
["TIRANTE ","HD152074Y","NR",36,{"v":220,"d":"220.00"},{"v":7920,"d":"7,920.00"},{"$nulls":3},0,{"$nulls":3},0]
["TIRANTE PORTA ANTERIORE","4407-APA-01Y","NR",18,{"v":186.5,"d":"186.50"},{"v":3357,"d":"3,357.00"},{"$nulls":3},0,{"$nulls":3},0]
["TIRANTE PORTA CENTRALE","YSB152236Y","NR",36,166.84,{"v":6006.24,"d":"6,006.24"},{"$nulls":3},0,{"$nulls":3},0]
["TUBAZIONE  INIEZIONE CILINDRI ","51.10301-6194","NR",28,{"v":205.5,"d":"205.50"},{"v":5754,"d":"5,754.00"},{"$nulls":3},0,{"$nulls":3},0]
["TUBAZIONE  INIEZIONE CILINDRI ","51.10301-6195","NR",28,{"v":205.5,"d":"205.50"},{"v":5754,"d":"5,754.00"},{"$nulls":3},0,{"$nulls":3},0]
["TUBAZIONE DELLO SCARICO","51.08153-0058","NR",6,{"v":120.5,"d":"120.50"},{"v":723,"d":"723.00"},{"$nulls":3},0,{"$nulls":3},0]
["TUBO","TU213418","NR",36,36.99,{"v":1331.64,"d":"1,331.64"},{"$nulls":3},0,{"$nulls":3},0]
["TUBO","SB213148-01","NR",6,51.47,308.82,{"$nulls":3},0,{"$nulls":3},0]
["TUBO A GOMITO ","HD213263","NR",18,49.63,893.34,{"$nulls":3},0,{"$nulls":3},0]
["TUBO ACQUA","TU213156","NR",18,{"v":94.7,"d":"94.70"},{"v":1704.6000000000001,"d":"1,704.60"},{"$nulls":3},0,{"$nulls":3},0]
["TUBO ACQUA","TU213406","NR",18,20.88,375.84,{"$nulls":3},0,{"$nulls":3},0]
["TUBO ACQUA","HD213800Y","NR",6,36.38,{"v":218.28000000000003,"d":"218.28"},{"$nulls":3},0,{"$nulls":3},0]
["TUBO AD BLUE","1734003","NR",1,{"v":134,"d":"134.00"},{"v":134,"d":"134.00"},{"$nulls":3},0,{"$nulls":3},0]
["TUBO ARIA ","1651174","NR",1,{"v":625,"d":"625.00"},{"v":625,"d":"625.00"},{"$nulls":3},0,{"$nulls":3},0]
["TUBO ARIA FRENI","9650-16Y","NR",15,202.71,{"v":3040.65,"d":"3,040.65"},{"$nulls":3},0,{"$nulls":3},0]
["TUBO ARIA FRENO","NK311202Y","NR",18,{"v":152.9,"d":"152.90"},{"v":2752.2000000000003,"d":"2,752.20"},{"$nulls":3},0,{"$nulls":3},0]
["TUBO FLEX COMPRESSORE","YPHD311118Y","NR",9,{"v":285,"d":"285.00"},{"v":2565,"d":"2,565.00"},{"$nulls":3},0,{"$nulls":3},0]
["TUBO FLEX COMPRESSORE","HD311118Y","NR",6,{"v":265,"d":"265.00"},{"v":1590,"d":"1,590.00"},{"$nulls":3},0,{"$nulls":3},0]
["TUBO FRENI","9650-17Y","NR",6,202.71,{"v":1216.26,"d":"1,216.26"},{"$nulls":3},0,{"$nulls":3},0]
["TUBO GASOLIO","HD161314Y","NR",100,32.27,{"v":3227.0000000000005,"d":"3,227.00"},{"$nulls":3},0,{"$nulls":3},0]
["TUBO GASOLIO","HD161310Y","NR",24,102.76,{"v":2466.2400000000002,"d":"2,466.24"},{"$nulls":3},0,{"$nulls":3},0]
["TUBO GASOLIO","HD161304Y","NR",15,{"v":155,"d":"155.00"},{"v":2325,"d":"2,325.00"},{"$nulls":3},0,{"$nulls":3},0]
["TUBO GASOLIO","HD161302Y","NR",15,147.83,{"v":2217.4500000000003,"d":"2,217.45"},{"$nulls":3},0,{"$nulls":3},0]
["TUBO GASOLIO","HD161303Y","NR",15,147.83,{"v":2217.4500000000003,"d":"2,217.45"},{"$nulls":3},0,{"$nulls":3},0]
["TUBO GASOLIO","HD161321Y","NR",24,36.02,864.48,{"$nulls":3},0,{"$nulls":3},0]
["TUBO IMMISSIONE ARIA","1615174","NR",1,{"v":640,"d":"640.00"},{"v":640,"d":"640.00"},{"$nulls":3},0,{"$nulls":3},0]
["TUBO REFRIGERANTE POMPA","1835252","NR",3,{"v":129,"d":"129.00"},{"v":387,"d":"387.00"},{"$nulls":3},0,{"$nulls":3},0]
["TURBOCOMPRESSORE","1876451","NR",1,{"v":1750,"d":"1,750.00"},{"v":1750,"d":"1,750.00"},{"$nulls":3},0,{"$nulls":3},0]
["VALVOLA","1657107","NR",1,{"v":41,"d":"41.00"},{"v":41,"d":"41.00"},{"$nulls":3},0,{"$nulls":3},0]
["VALVOLA DI RITEGNO","HD213533Y","NR",12,753.97,{"v":9047.64,"d":"9,047.64"},{"$nulls":3},0,{"$nulls":3},0]
["VALVOLA DI RITEGNO","0600082081","NR",6,{"v":246.5,"d":"246.50"},{"v":1479,"d":"1,479.00"},{"$nulls":3},0,{"$nulls":3},0]
["VALVOLA DI SCARICO AUTOMATICO","61201-94050-26","NR",30,{"v":540,"d":"540.00"},{"v":16200,"d":"16,200.00"},{"$nulls":3},0,{"$nulls":3},0]
["VALVOLA ELETTROMAGN.","TC153213","NR",9,{"v":549,"d":"549.00"},{"v":4941,"d":"4,941.00"},{"$nulls":3},0,{"$nulls":3},0]
["VALVOLA ","51.25902-0123 ","NR",22,{"v":520,"d":"520.00"},{"v":11440,"d":"11,440.00"},{"$nulls":3},0,{"$nulls":3},0]
["VENTOLA RAFFR. MOTORE","1365-APA-01","NR",5,{"v":1605.05,"d":"1,605.05"},{"v":8025.25,"d":"8,025.25"},{"$nulls":3},0,{"$nulls":3},0]
["VETRINO PULSANTE EMERGENZA","TO254555","NR",30,10.24,{"v":307.2,"d":"307.20"},{"$nulls":3},0,{"$nulls":3},0]
["VETRO INFERIORE","NK241394X","NR",10,619.75,{"v":6197.5,"d":"6,197.50"},{"$nulls":3},0,{"$nulls":3},0]
["VETRO SUP. PORTA ANT","RP152191Y","NR",18,{"v":1082.6,"d":"1,082.60"},{"v":19486.8,"d":"19,486.80"},{"$nulls":3},0,{"$nulls":3},0]
["VETRO SUPERIORE","NK241424X","NR",3,{"v":733.6,"d":"733.60"},{"v":2200.8,"d":"2,200.80"},{"$nulls":3},0,{"$nulls":3},0]
["VITE AUTOFILETTANTE","TF457586Y","NR",5,{"v":0.2,"d":"0.20"},{"v":1,"d":"1.00"},{"$nulls":3},0,{"$nulls":3},0]
["VITE FALLETTO","1288123","NR",1,30.25,30.25,{"$nulls":3},{"$f":"I262*D262","v":0},{"$nulls":3},{"$f":"M262*D262","v":0}]
["VITE FLANGIATA ","06.03216-8312","NR",120,{"v":2.1,"d":"2.10"},{"v":252,"d":"252.00"},{"$nulls":3},0,{"$nulls":3},0]
["VITE TORX ESTERNA","51.90490-0063","NR",15,{"v":1.9,"d":"1.90"},{"v":28.5,"d":"28.50"},{"$nulls":3},0,{"$nulls":3},0]
["VOLANTE","1500.89000039","NR",15,{"v":462,"d":"462.00"},{"v":6930,"d":"6,930.00"},{"$nulls":3},0,{"$nulls":3},0]
["VOLANTE","HD261109Y","NR",3,641.17,{"v":1923.5099999999998,"d":"1,923.51"},{"$nulls":3},0,{"$nulls":3},0]
["PREZZO TOTALE LISTINO RICAMBI ",{"$nulls":4},{"$f":"SUM(F4:F266)","v":{"v":655999.9973480661,"d":"656,000.00"}},"PREZZO TOTALE RICAMBI ORIGINALI OFFERTI (A)",null,null,{"$f":"SUM(J4:J266)","v":0},"PREZZO TOTALE RICAMBI EQUIVALENTI OFFERTI (B)",null,null,{"$f":"SUM(N4:N266)","v":0}]
[]
[]
[{"$nulls":6},"PREZZO TOTALE OFFERTO (A+B) IN CIFRE     €",{"$nulls":5},{"$f":"J267+N267","v":0}]
[]
["SCONTI RICAMBI FUORI LISTINO",{"$nulls":5},"PREZZO TOTALE OFFERTO (A+B) IN LETTERE     €"]
["TIPOLOOGIA DI RICAMBI","CATEGORIA SCONTO","Sconto\nOfferto\n%"]
["TEMSA"]
["MAN"]
["DAF"]
["EQUIVALENTE"]
[]
[]
[{"$nulls":5},"Data____________________________",null,null,"Timbro Ditta e firma________________________________________"]